000 00477nam a2200169 4500
001 117178
003 ES-MaACL
005 20230906190837.0
007 t|
008 071121s1970 sp r ||||1| spa d
100 1 _aPeña-Baztán, Manuel.
_990251
245 1 0 _aDirección de personal /
_cManuel Peña-Baztán.
250 _a1ª. ed.
260 _aBarcelona :
_b[s.n.],
_c1970 (
_fGráf. Fomento)
300 _a1 v. :
_bil. ;
_c23 cm.
852 _aES-MaACL
_jP-1667
_bR.74680
999 _c117178
_d117178